Logo BPK

Biblioteka

Politechniki Koszalińskiej

Linguistisches Analysemodell : (Rekord nr 51968)

Szczegóły MARC
000 -ETYKIETA REKORDU
podpole kontrolne o stałej długości 00924nam a2200253 i 4500
001 - NUMER KONTROLNY REKORDU
pole kontrolne bg
015 ## - NUMER BIBLIOGRAFII NARODOWEJ
Numer bibliografii narodowej PB 16897/2005
020 ## - MIĘDZYNARODOWY ZNORMALIZOWANY NUMER KSIĄŻKI - ISBN
ISBN 8323214298
040 ## - ŹRÓDŁO KATALOGOWANIA
Instytucja, która utworzyła rekord BPK
041 0# - KOD JĘZYKA
Kod języka tekstu ger
080 ## - UNIWERSALNA KLASYFIKACJA DZIESIĘTNA - UKD
UKD 811.112.2'36
920 ## - Międzynarodowy znormalizowany numer książki – ISBN
ISBN 83-232-1429-8
008 - POLE O STAŁEJ DŁUGOŚCI - DANE KONTROLNE
podpole kontrolne o stałej długości s pl f |000 0 pol
100 1# - NAZWA OSOBOWA
Nazwa osobowa Darski, Józef
Daty związane z nazwą (1941- )
245 10 - TYTUŁ/ODPOWIEDZIALNOŚĆ
Tytuł Linguistisches Analysemodell :
Ciąg dalszy tytułu Definitionen grundlegender grammatischer Begriffe /
Pozostałe elementy strefy tytułu i oznaczenia odpowiedzialności Józef Darski ; Uniwersytet im. Adama Mickiewicza w Poznaniu.
250 ## - STREFA WYDANIA
Oznaczenie wydania 2., völlig neu bearb. und erg. Aufl.
260 ## - STREFA ADRESU WYDAWNICZEGO
Miejsce wydania Poznań :
Nazwa wydawcy/dystrybutora Wydawnictwo Naukowe Uniwersytetu im. Adama Mickiewicza,
Data publikacji, dystrybucji/powstania dokumentu 2004.
300 ## - STREFA OPISU FIZYCZNEGO
Objętość 271 s. ;
Rozmiary 24 cm.
504 ## - UWAGA DOTYCZĄCA BIBLIOGRAFII
Informacje o bibliografii Bibliogr. s. 221-271.
650 #9 - HASŁO PRZEDMIOTOWE W FORMIE NAZWY OGÓLNEJ LUB JEDNOSTKOWEJ
Nazwa ogólna lub geograficzna Gramatyka
Określnik ogólny teoria
650 #9 - HASŁO PRZEDMIOTOWE W FORMIE NAZWY OGÓLNEJ LUB JEDNOSTKOWEJ
Nazwa ogólna lub geograficzna Język niemiecki
Określnik ogólny gramatyka
942 ## - DODATKOWE ELEMENTY (KOHA)
Typ dokumentu Książka
Egzemplarze
Wycofany Status egzemplarza Uszkodzony Dostępność Lokalizacja stała Lokalizacja bieżąca Miejsce przechowywania Sygnatura Kod kreskowy Dział Typ dokumentu
      Tylko na miejscu Biblioteka Politechniki Koszalińskiej Biblioteka Politechniki Koszalińskiej Czytelnia Wydziałowa ul. Kwiatkowskiego 6e 79501 02310664 811.112.2'36 Język niemiecki - gramatyka Książka
      Dostępny Biblioteka Politechniki Koszalińskiej Biblioteka Politechniki Koszalińskiej Wypożyczalnia BG 79502 02310657   Książka
      Dostępny Biblioteka Politechniki Koszalińskiej Biblioteka Politechniki Koszalińskiej Wypożyczalnia BG 79503 02310640   Książka
© 2023 Biblioteka Politechniki Koszalińskiej :: KOHA